000 00813nam a2200217 i 4500
001 189810
003 ES-MaACL
005 20251215190934.0
008 191128s1966 sp |||| | spa d
100 1 _aEpstein, Edward Jay (
_d1935-)
_9168919
245 1 0 _aEncuesta
_b: la comisión Warren y el establecimiento de la verdad / Edward Jay Epstein ; prólogo de Richard H. Rovere.
260 _aBarcelona :
_bDima,
_c1966.
300 _a193 p. :
_bil. ;
_c23 cm.
490 1 _aColección "Nuestros días" ;
_v2
600 1 7 _aKennedy, John F.,
_d1917-1963-
_xAsesinato
_2
_9160812
610 1 7 _aEstados Unidos.
_bWarren Commission
_2
_9163582
700 1 _aRovere, Richard H.
_9168920
830 0 _aColección "Nuestros días" ;
_v2
_9193408
852 _aES-MaACL
_jP-1091-2
999 _c189810
_d189810